00474nam a2200193Ia 4500003000400000005001700004008004100021020001800062040000700080041000800087082001900095100003500114245003400149250000600183260004000189300001800229365001300247650002000260OSt20230427112623.0210423s2008 xx 000 0 und d a9788130900407 cAL aeng a539.7 KAKS223 aKAKANI (S L);KAKANI (Shubhra). aNuclear and particle physics. a4 aNew DelhibViva Books Pvt Ltdc2008 aviii,965pbPB b495cINR aNuclear Physics